Canyon country prehistoric rock art : (Record no. 38156)
[ view plain ]
| 000 -LEADER | |
|---|---|
| fixed length control field | 01550cam a2200409 a 4500 |
| 003 - CONTROL NUMBER IDENTIFIER | |
| control field | OCoLC |
| 005 - DATE AND TIME OF LATEST TRANSACTION | |
| control field | 20241220115004.0 |
| 008 - FIXED-LENGTH DATA ELEMENTS--GENERAL INFORMATION | |
| fixed length control field | 960827t19951982utua b 000 0 eng d |
| 001 - CONTROL NUMBER | |
| control field | ocm35307060 |
| 020 ## - INTERNATIONAL STANDARD BOOK NUMBER | |
| International Standard Book Number | 0915272253 (pbk.) : |
| Terms of availability | $9.50 |
| 035 ## - SYSTEM CONTROL NUMBER | |
| System control number | (Sirsi) i9780915272259 |
| 040 ## - CATALOGING SOURCE | |
| Original cataloging agency | UUM |
| Transcribing agency | UUM |
| Modifying agency | JRS |
| 043 ## - GEOGRAPHIC AREA CODE | |
| Geographic area code | n-ust-- |
| 049 ## - LOCAL HOLDINGS (OCLC) | |
| Holding library | JRSA |
| 090 ## - LOCALLY ASSIGNED LC-TYPE CALL NUMBER (OCLC); LOCAL CALL NUMBER (OCLC) | |
| Classification number (OCLC) (R) ; Classification number, CALL (RLIN) (NR) | E78.S7 |
| Local cutter number (OCLC) ; Book number/undivided call number, CALL (RLIN) | B333 1995 |
| 099 ## - LOCAL FREE-TEXT CALL NUMBER (OCLC) | |
| Classification number | 709.0113 B261 1995 |
| 092 ## - LOCALLY ASSIGNED DEWEY CALL NUMBER (OCLC) | |
| Classification number | 970.49 BAR |
| 100 1# - MAIN ENTRY--PERSONAL NAME | |
| Personal name | Barnes, F. A. |
| Fuller form of name | (Francis Audrey), |
| Dates associated with a name | 1922- |
| 9 (RLIN) | 4279 |
| 245 10 - TITLE STATEMENT | |
| Title | Canyon country prehistoric rock art : |
| Remainder of title | an illustrated guide to viewing, understanding and appreciating the rock art of the prehistoric Indian cultures of Utah, the Great Basin and the general Four Corners region / |
| Statement of responsibility, etc | by F.A. Barnes ; [sketches by Terry Lan]. |
| 246 10 - VARYING FORM OF TITLE | |
| Title proper/short title | Prehistoric rock art |
| 246 18 - VARYING FORM OF TITLE | |
| Title proper/short title | Rock art |
| 250 ## - EDITION STATEMENT | |
| Edition statement | Rev. and updated. |
| 260 ## - PUBLICATION, DISTRIBUTION, ETC. (IMPRINT) | |
| Place of publication, distribution, etc | Salt Lake City, Utah : |
| Name of publisher, distributor, etc | Wasatch Publishers, |
| Date of publication, distribution, etc | 1995, c1982. |
| 300 ## - PHYSICAL DESCRIPTION | |
| Extent | 303 p. : |
| Other physical details | ill., map ; |
| Dimensions | 22 cm. |
| 490 1# - SERIES STATEMENT | |
| Series statement | Another canyon country guide book ; |
| Volume number/sequential designation | no. 14 |
| 500 ## - GENERAL NOTE | |
| General note | Map on inside front cover. |
| 504 ## - BIBLIOGRAPHY, ETC. NOTE | |
| Bibliography, etc | Includes bibliographical references (p. 299-303) |
| 650 #0 - SUBJECT ADDED ENTRY--TOPICAL TERM | |
| Topical term or geographic name as entry element | Indians of North America |
| Geographic subdivision | Southwest, New |
| General subdivision | Antiquities. |
| 9 (RLIN) | 85930 |
| 650 #0 - SUBJECT ADDED ENTRY--TOPICAL TERM | |
| Topical term or geographic name as entry element | Petroglyphs |
| Geographic subdivision | Southwest, New. |
| 9 (RLIN) | 5715760 |
| 650 #0 - SUBJECT ADDED ENTRY--TOPICAL TERM | |
| Topical term or geographic name as entry element | Fremont culture. |
| 9 (RLIN) | 6158917 |
| 650 #0 - SUBJECT ADDED ENTRY--TOPICAL TERM | |
| Topical term or geographic name as entry element | Pueblo Indians |
| General subdivision | Antiquities. |
| 9 (RLIN) | 90212 |
| 651 #0 - SUBJECT ADDED ENTRY--GEOGRAPHIC NAME | |
| Geographic name | Southwest, New |
| General subdivision | Antiquities. |
| 9 (RLIN) | 91879 |
| 830 #0 - SERIES ADDED ENTRY--UNIFORM TITLE | |
| Uniform title | Canyon country; |
| Volume number/sequential designation | no. 14. |
| 9 (RLIN) | 1125 |
| 942 ## - ADDED ENTRY ELEMENTS (KOHA) | |
| Koha item type | History Center Materials |
| 979 ## - | |
| -- | 474624 |
| 998 ## - LOCAL CONTROL INFORMATION (RLIN) | |
| -- | a84739 |
| Withdrawn status | Lost status | Source of classification or shelving scheme | Damaged status | Not for loan | Collection code | Home library | Current library | Shelving location | Date acquired | Cost, normal purchase price | Total Checkouts | Total Renewals | Full call number | Barcode | Date last seen | Date checked out | Cost, replacement price | Price effective from | Koha item type |
|---|---|---|---|---|---|---|---|---|---|---|---|---|---|---|---|---|---|---|---|
| Dewey Decimal Classification | General NonFiction | Wasatch County Library | Wasatch County Library | Second Floor | 03/18/1999 | 9.95 | 25 | 2 | 970.1 Bar | 34301000054017 | 04/01/2024 | 02/27/2024 | 9.95 | 03/20/2020 | BOOK |
